ბათუმის შოთა რუსთაველის სახელმწიფო უნივერსიტეტის ბიბლიოთეკა

ქართველურ ენათა სტრუქტურის საკითხები = Вопросы структуры картвельских языков. [ტ.] 3. (ბიბ.ჩანაწერი № 51060)

000 -LEADER
fixed length control field 01269nam a2200277Ia 4500
001 - CONTROL NUMBER
control field 18017
003 - CONTROL NUMBER IDENTIFIER
control field GE_BSU
008 - FIXED-LENGTH DATA ELEMENTS--GENERAL INFORMATION
fixed length control field 181216s||||||||xx |||||||||||||| ||und||
040 ## - CATALOGING SOURCE
Transcribing agency GE_BSU
080 ## - UNIVERSAL DECIMAL CLASSIFICATION NUMBER
Universal Decimal Classification number 811.353(058)
245 ## - TITLE STATEMENT
Title ქართველურ ენათა სტრუქტურის საკითხები = Вопросы структуры картвельских языков. [ტ.] 3.
245 ## - TITLE STATEMENT
Remainder of title კრებული
245 ## - TITLE STATEMENT
Statement of responsibility, etc. რედ. ვ.თოფურია. ივ. გიგინეიშვილი
260 ## - PUBLICATION, DISTRIBUTION, ETC.
Place of publication, distribution, etc. თბილისი
260 ## - PUBLICATION, DISTRIBUTION, ETC.
Name of publisher, distributor, etc. საქ. სსრ მეცნ. აკად. გამ-ბა
260 ## - PUBLICATION, DISTRIBUTION, ETC.
Date of publication, distribution, etc. 1959
300 ## - PHYSICAL DESCRIPTION
Extent 243 გვ. : 2 ფ. ილ.26სმ.
300 ## - PHYSICAL DESCRIPTION
Accompanying material ბიბლიოგრ.: გვ. 191-242
520 ## - SUMMARY, ETC.
Summary, etc. რეზ. რუს. ენ.
653 ## - INDEX TERM--UNCONTROLLED
Uncontrolled term Вопросы структуры картвельских языков
653 ## - INDEX TERM--UNCONTROLLED
Uncontrolled term კრებული
653 ## - INDEX TERM--UNCONTROLLED
Uncontrolled term ქართველურ ენათა სტრუქტურის საკითხები
653 ## - INDEX TERM--UNCONTROLLED
Uncontrolled term ქართველური ენები
653 ## - INDEX TERM--UNCONTROLLED
Uncontrolled term ქართველური ენები - ბიბლიოგრაფია;
942 ## - ADDED ENTRY ELEMENTS (KOHA)
Koha item type წიგნი
ეგზემპლარები
Withdrawn status Lost status Damaged status Not for loan Date acquired Barcode Date last seen Price effective from Koha item type
        2018-12-17 45932 2018-12-17 2018-12-17 წიგნი